00933nam a22001937a 4500003000900000008004100009040007100050082001900121245010800140246008500248260003600333300004900369440001300418505020300431650002600634650002700660650002700687650002500714AR-CdUCM190308b ||||| |||| 00| 0 spa d aMUNICIPALIDAD PROVINCIAL DEL CUSCOcBIBLIOTECA MUNICIPAL DEL CUSCO a796.325 / bV6 aVoleibol : bdeporte familiar. Reglamento oficial, XXV reglas de juego con múltiples ilustraciones / aHomenaje a las selecciones femeninas de voleibol del Perú de todos los tiempos aLima : bMercurio S.A., c1990. a176 páginas ; bfotografías ; c16.5 cm. aDeportes aContenido: Historia del voleibol peruano a través de sus trofeos -- Reglamento internacional: XXV reglas de juego -- Términos usuales en voleibol -- Manejo del banderín por jueces de linea ... aVoleibol - Técnicas aReglamentos - Voleibol aTérminos - Voleibol aVoleibol - Conceptos